First Name Basis: Spanish Speakers Quiz Stats

 Plays Quiz Updated May 15, 2018

Score 0/20 Timer 05:00
0 Plays Today
% Correct
Ernesto 'Che'
87.2%
Shakira
86%
Eva
85.8%
Isabel
83.4%
Rafael
81.1%
Enrique
80.8%
Penélope
79.6%
Salvador
78.3%
Pablo
77.6%
Carlos
77.3%
% Correct
Frida
77%
Antonio
76.4%
Sofía
75%
Lionel
74%
Salma
72.8%
Jennifer
70.4%
Pau
60.1%
Iker
52.4%
Sandra
39%
Dolores
34.7%

You're not logged in!

Compare scores with friends on all Sporcle quizzes.
OR
Log In

Sporcle TV

Today on Sporcle TV


Watch our educational content, quiz creation guides, and fun videos on Sporcle TV.

Show Comments

Extras

Top Quizzes Today


Score Distribution

Your Account Isn't Verified!

In order to create a playlist on Sporcle, you need to verify the email address you used during registration. Go to your Sporcle Settings to finish the process.

Report this User

Report this user for behavior that violates our Community Guidelines.

Details: